Tah králem

Bibliographic Details
Main Author: Dobbs, Michael, 1948- (Author)
Other Authors: Verner, Martin (prekladateľ) (Translator)
Format: Book
Language:Czech
English
PhysicalDescription:251 s. 20 cm
Published: [Bratislava] Aktuell 1995
ISBN:808873326X
Subjects:

MARC

LEADER 00000cam a2200000 a 4500
001 vtls001218115
003 SK-MaSNL
005 20260301002919.0
008 240611s1995 xo g 000 f cze
015 |a SNBA1996/0902376 
020 |a 808873326X  |q (viaz.) 
035 |a SNK000161515 
035 |a urn:nbn:sk:snk-amjbu9 
035 |a urn:nbn:sk:snk-am003oyb 
035 |a 53BCF7A5-7D11-4FAB-A5A8-81A20CA34AD3 
040 |a SNK  |b slo  |c SNK  |e AACR2 
041 1 |a cze  |h eng 
044 |a xo  |c SK 
080 |a 820-3=850  |2 1981 
100 1 |a Dobbs, Michael,  |d 1948-  |4 aut  |9 247222 
240 1 0 |a To play the king  |l Česky 
245 1 0 |a Tah králem  |c Michael Dobbs ; přeložil Martin Verner 
260 |a [Bratislava]  |b Aktuell  |c 1995 
300 |a 251 s.  |c 20 cm 
655 7 |a anglické romány  |2 SNKPH  |9 70428 
655 7 |a politické romány  |2 SNKPH  |9 70728 
700 1 |a Verner, Martin  |c (prekladateľ)  |4 trl  |9 248227 
852 |a Slovenská národná knižnica 
919 |a 80-88733-26-X 
954 |a beletria cudzojazyčná (svetová)  |2 lita 
958 |a LX 
958 |a UP 
958 |a GB 
958 |a CZ 
968 |a ČES  |b ENG 
999 |c 538397  |d 540327 
952 |a SNK  |b SNK  |y VYP  |7 0  |p 17A0006038  |o snkSD 67904 D1  |i snkKSP 5317/96  |0 0  |1 0  |4 0  |d 1996-07-02  |f 1  |l 0  |r 2005-01-01 00:00:00  |w 2026-02-23 
952 |t P60, <09>, [BOOK], {629}  |a SNK  |b SNK  |y NEVYP  |7 0  |o snkC 1158  |i snk2184/960703  |0 0  |1 0  |4 0  |d 1996-07-02  |l 0  |r 2005-01-01 00:00:00  |w 2026-02-23 
952 |t P60, <03>, [BOOK], {603}  |a SNK  |b SNK  |y PREZ  |7 0  |p 17A0006039  |o snkSD 67904  |i snkKSP 5316/96  |0 0  |1 0  |4 0  |d 1996-07-02  |l 0  |r 2005-01-01 00:00:00  |w 2026-02-23